000 00658nam a2200265Ia 4500
005 20260121164954.0
008 008 260114s9999 xx 000 0 eng d
020 _a9781137428622
037 _aEBOOK
040 _aCRL
040 _beng
040 _cCRL
041 _2eng
041 _aeng
084 _qCRL
100 _aMary C. Flannery, C. Griffin
_91045950
245 0 _aSpaces for Reading in Later Medieval England
260 _bSpringer
260 _bSpringer
260 _c2016
856 _uhttps://link.springer.com/openurl?genre=book&isbn=978-1-137-42862-2
942 _cEBOOK
999 _c1611673
_d1611673